1097 1349 1880 1918 1112 1942 1485 1430 1497 1624 1133 1300 1668 1546 1583 1907 1350 1283 1259 1432 1650 1950 1668 1491 1422 1403 1282 1152 1800 1895 1503 1061 1056 1082 1546 1688 1888 1330 1016 1721 1936 1993 1827 1168 1842 1008 1864 1198 1415 1236 1795 1156 1560 1238 1307 1014 1083 1460 1151 1536 1692 1339 1614 1476 1818 1990 1636 1295 1632 1773 1494 1180 1795 1486 1270 1941 1566 1517 1816 1208 1705 1246 1342 1538 1076 1913 1098 1146 1734 1840 1654 1966 1059 1399 1475 1509 1804 1521 1297 BCNSPRNW ULIB Ver.6.0+V

เปลี่ยนเป็นภาษาไทย

Change to English
 แสดงรายละเอียดบรรณานุกรม
  กลับหน้าหลัก

Brief Record : Get Marc (ISO 2709) : E-mail record : QR code < ปิดหน้าต่าง
LEADER : 00000nam 2200000uu 4500
001    13399125613
003     ULIB
008    170711s2558||||th 000 0 tha d
020    ^a9786163447166
060  0 ^aWB890^bจ285ศ
100 0  ^aจันทิมา น่วมศรีนวล
245 00 ^aศาสตร์ทางเลือกฟื้นฟูสุขภาพด้วยตนเอง /^cจันทิมา น่วมศรีนวล
260    ^aกรุงเทพฯ : ^bคลื่นอักษร,^c2558
300    ^a160 หน้า ;^c21 ซม.
650  0 ^aสุขภาพ^xแพทย์ทางเลือก
945    ^p0^l0^i002567
999    ^aประนอม เกษจรัล
รายการนี้ยังไม่มีแท็ก
คุณยังไม่ได้ล็อกอิน คุณสามารถมีกิจกรรมร่วมกับเว็บไซต์ได้ แต่ต้องล็อกอินก่อน ::
  ล็อกอิน

รายการสื่อสารสนเทศ

ลำดับที่ ประเภท เลขเรียก/บาร์โค้ด สถานที่ สถานะ
1. วิทยาศาสตร์การแพทย์ และสุขภาพ
วิทยาศาสตร์การแพทย์ และสุขภาพ
สถานะ=หนังสือเก่า
WB890 จ285ศ ฉ.1 
  Barcode: 002567
ห้องสมุดวิทยาเขตสวรรค์ประชารักษ์
►ส่วนจัดเก็บหนังสือเก่า สปร
บนชั้น
  ขอยืม

รายการใกล้เคียง
    ผู้แต่ง [จันทิมา น่วมศรีนวล]

BibComment


ยังไม่เคยถูกคอมเมนท์

คอมเมนท์ทรัพยากรรายการนี้
  คอมเมนท์: ศาสตร์ทางเลือกฟื..


 Copyright 2026. Bcnsprnw @Library